000 00575nam a2200181 4500
999 _c188967
_d188967
005 20220608145614.0
010 _aENG-133141
020 _a9789351952237
_c199.00
035 _aEN-116673
037 _bDBAD/PUB
082 _a355.02
245 _aThe Art of War/
_cForeword by Radhakrishan Pillai
260 _aGurugram
_bHachette Book Publishing India Pvt. Ltd.
_c2018
270 _a4th & 5th Floors, Corporate Centre, Plot No.94, Sector 44
_bGurugram
_e122003
300 _a127p.
_c19cm(pbk)
700 _aLionel Giles
942 _2ddc
_cEN
_h355.02
_mTHE